| 000 | 01261cam a22003254a 4500 | ||
|---|---|---|---|
| 001 | 11767944 | ||
| 005 | 20160509113059.0 | ||
| 008 | 990720s2000 njuab | b 001 0 eng d | ||
| 010 | _a 99041736 | ||
| 020 | _a9780691010281 | ||
| 020 | _a0691010285 | ||
| 035 | _a(DLC) 99041736 | ||
| 040 |
_aDLC _cDLC _dDLC |
||
| 042 | _apcc | ||
| 043 | _af------ | ||
| 050 | 0 | 0 |
_aJQ1875 _b.H47 2000 |
| 082 | 0 | 0 |
_221 _a303.3096 _bHER |
| 100 | 1 |
_aHerbst, Jeffrey Ira. _914394 |
|
| 245 | 1 | 0 |
_aStates and Power in Africa : _bComparative Lessons in Authority and Control / _cJeffrey Herbst. |
| 260 |
_aPrinceton, N.J. : _bPrinceton University Press, _cc2000. |
||
| 300 |
_ax, 280 p. : _bill. map ; _c24 cm. |
||
| 440 | 0 |
_aPrinceton studies in international history and politics _914395 |
|
| 504 | _aIncludes bibliographical references and index. | ||
| 650 | 0 |
_aPower (Social sciences) _zAfrica. _914396 |
|
| 651 | 0 |
_914397 _aAfrica _xPolitics and government |
|
| 856 | 4 | 1 |
_3Table of contents _uhttp://www.loc.gov/catdir/toc/prin032/99041736.html |
| 856 | 4 | 2 |
_3Publisher description _uhttp://www.loc.gov/catdir/description/prin021/99041736.html |
| 942 |
_2ddc _cBB |
||
| 999 |
_c14027 _d14027 |
||